| 000 | 00635cab a2200229 4500 | ||
|---|---|---|---|
| 001 | ABS44302 | ||
| 008 | 090401t1991 xxu||||| |||| 00| 0 eng d | ||
| 035 | _a(Sirsi) u46461 | ||
| 041 | _aeng | ||
| 100 | _aChapman, D. | ||
| 245 | 3 | _aAn art of relationship? | |
| 260 | _c1991 | ||
| 350 | _a0 | ||
| 490 |
_aPlanning (for the Natural and Built Environment) _v(911) 29 March 1991, 15 (1) |
||
| 520 | _aAssesses the role of local authorities in design guidance . | ||
| 650 | _aDESIGN GUIDES | ||
| 650 | _aPLANNING POLICY | ||
| 690 | _aPLANNING LAW AND PRACTICE | ||
| 700 | _aHoughton, R. | ||
| 942 | _n0 | ||
| 948 | _c04/03/1997 | ||
| 999 |
_c29399 _d29399 |
||